<?xml version="1.0" encoding="UTF-8"?>
<record
    xmlns:xsi="http://www.w3.org/2001/XMLSchema-instance"
    xsi:schemaLocation="http://www.loc.gov/MARC21/slim http://www.loc.gov/standards/marcxml/schema/MARC21slim.xsd"
    xmlns="http://www.loc.gov/MARC21/slim">

  <leader>01618cam a22004094a 4500</leader>
  <controlfield tag="001">6248731</controlfield>
  <controlfield tag="005">20220326193340.0</controlfield>
  <controlfield tag="008">070305s2007    sp a     b    000 0 spa c</controlfield>
  <datafield tag="020" ind1=" " ind2=" ">
    <subfield code="a">9788496540606 (ACTAR)</subfield>
  </datafield>
  <datafield tag="020" ind1=" " ind2=" ">
    <subfield code="a">849654060X (ACTAR)</subfield>
  </datafield>
  <datafield tag="020" ind1=" " ind2=" ">
    <subfield code="a">9788493535612 (MUSAC)</subfield>
  </datafield>
  <datafield tag="020" ind1=" " ind2=" ">
    <subfield code="a">8493535613 (MUSAC)</subfield>
  </datafield>
  <datafield tag="035" ind1=" " ind2=" ">
    <subfield code="a">(OCoLC)ocn124038866</subfield>
  </datafield>
  <datafield tag="035" ind1=" " ind2=" ">
    <subfield code="a">(OCoLC)124038866</subfield>
  </datafield>
  <datafield tag="035" ind1=" " ind2=" ">
    <subfield code="a">(NNC)6248731</subfield>
  </datafield>
  <datafield tag="040" ind1=" " ind2=" ">
    <subfield code="a">OI@</subfield>
    <subfield code="c">OI@</subfield>
    <subfield code="d">OI@</subfield>
    <subfield code="d">BAKER</subfield>
    <subfield code="d">YDXCP</subfield>
    <subfield code="d">CGU</subfield>
    <subfield code="d">BTCTA</subfield>
  </datafield>
  <datafield tag="041" ind1="0" ind2=" ">
    <subfield code="a">spa</subfield>
    <subfield code="a">eng</subfield>
  </datafield>
  <datafield tag="042" ind1=" " ind2=" ">
    <subfield code="a">pcc</subfield>
  </datafield>
  <datafield tag="082" ind1="0" ind2="4">
    <subfield code="a">707.4</subfield>
    <subfield code="b">B835e</subfield>
  </datafield>
  <datafield tag="100" ind1="1" ind2=" ">
    <subfield code="a">Breitz, Candice.</subfield>
    <subfield code="9">4453</subfield>
  </datafield>
  <datafield tag="245" ind1="1" ind2="0">
    <subfield code="a">Candice Breitz :</subfield>
    <subfield code="b">exposici&#xF3;n m&#xFA;ltiple = multiple exposure /</subfield>
    <subfield code="c">[editor, Octavio Zaya ; essays, Jessica Morgan, Octavio Zaya].</subfield>
  </datafield>
  <datafield tag="246" ind1="3" ind2="0">
    <subfield code="a">Exposici&#xF3;n m&#xFA;ltiple</subfield>
  </datafield>
  <datafield tag="246" ind1="3" ind2="0">
    <subfield code="a">Multiple exposure</subfield>
  </datafield>
  <datafield tag="260" ind1=" " ind2=" ">
    <subfield code="a">Barcelona :</subfield>
    <subfield code="b">ACTAR ;</subfield>
    <subfield code="a">Le&#xF3;n :</subfield>
    <subfield code="b">MUSAC, Museo de Arte Contempor&#xE1;neo de Castilla y Le&#xF3;n,</subfield>
    <subfield code="c">2007.</subfield>
  </datafield>
  <datafield tag="300" ind1=" " ind2=" ">
    <subfield code="a">251 p. :</subfield>
    <subfield code="b">ill. (some col.) ;</subfield>
    <subfield code="c">30 cm.</subfield>
  </datafield>
  <datafield tag="500" ind1=" " ind2=" ">
    <subfield code="a">Published in conjunction with the exhibition organised by MUSAC, Museo de Arte Contempor&#xE1;neo de Castilla y Le&#xF3;n, Spain, Jan. 20-May 2, 2007.</subfield>
  </datafield>
  <datafield tag="504" ind1=" " ind2=" ">
    <subfield code="a">Includes bibliographical references (p. 244-251).</subfield>
  </datafield>
  <datafield tag="546" ind1=" " ind2=" ">
    <subfield code="a">Text in Spanish and English.</subfield>
  </datafield>
  <datafield tag="600" ind1="1" ind2="0">
    <subfield code="a">Breitz, Candice</subfield>
    <subfield code="v">Exhibitions.</subfield>
    <subfield code="9">4454</subfield>
  </datafield>
  <datafield tag="600" ind1="1" ind2="0">
    <subfield code="a">Breitz, Candice</subfield>
    <subfield code="x">Criticism and interpretation.</subfield>
    <subfield code="9">4455</subfield>
  </datafield>
  <datafield tag="650" ind1=" " ind2="0">
    <subfield code="a">Video art</subfield>
    <subfield code="z">South Africa</subfield>
    <subfield code="v">Exhibitions.</subfield>
    <subfield code="9">4456</subfield>
  </datafield>
  <datafield tag="700" ind1="1" ind2=" ">
    <subfield code="a">Zaya, Octavio,</subfield>
    <subfield code="d">1954-</subfield>
    <subfield code="9">4457</subfield>
  </datafield>
  <datafield tag="700" ind1="1" ind2=" ">
    <subfield code="a">Morgan, Jessica,</subfield>
    <subfield code="d">1968-</subfield>
    <subfield code="9">4458</subfield>
  </datafield>
  <datafield tag="710" ind1="2" ind2=" ">
    <subfield code="a">Museo de Arte Contempor&#xE1;neo de Castilla y Le&#xF3;n.</subfield>
    <subfield code="9">4459</subfield>
  </datafield>
  <datafield tag="948" ind1="1" ind2=" ">
    <subfield code="a">20071011</subfield>
    <subfield code="b">c</subfield>
    <subfield code="c">fra1</subfield>
    <subfield code="d">SCMC</subfield>
  </datafield>
  <datafield tag="999" ind1=" " ind2=" ">
    <subfield code="c">819</subfield>
    <subfield code="d">819</subfield>
  </datafield>
  <datafield tag="952" ind1=" " ind2=" ">
    <subfield code="0">0</subfield>
    <subfield code="1">0</subfield>
    <subfield code="2">ddc</subfield>
    <subfield code="4">0</subfield>
    <subfield code="7">0</subfield>
    <subfield code="a">LV</subfield>
    <subfield code="b">LV</subfield>
    <subfield code="c">Monograf&#xED;as</subfield>
    <subfield code="d">2016-01-15</subfield>
    <subfield code="l">0</subfield>
    <subfield code="o">707.4 B835e</subfield>
    <subfield code="p">000186</subfield>
    <subfield code="r">2016-01-15 00:00:00</subfield>
    <subfield code="w">2016-01-15</subfield>
    <subfield code="y">01</subfield>
  </datafield>
</record>
